Financovanie podnikania s energetickými zdrojmi prostredníctvom tollingu

Podrobná bibliografia
Hlavní autori: Csikósová, Adriana (Author), Čelková, Katarína (Author), Pašková, Martina (Author), Ďurková, Marina (Author)
Médium: Článok
Jazyk:Slovak
Témy:
On-line prístup:http://actamont.tuke.sk/pdf/2010/s2/6csikosova.pdf
Zdroj: 1. Acta Montanistica Slovaca 1. mimoriadne číslo 1. Roč. 15, č. 2 (2010), s. 126-131 1. 1335-1788
LEADER 01258nab#a2200433#ar4500
001 000120105
003 SVKKK
005 20170817095415.0
008 170425c2010 xo |||||||||||||||b|slo
FMT
015 |a SNBRB2017/08 
038 |a SVKKK 
040 |a SVKKK  |b slo  |e AACR2 
041 0 |a slo  |b eng 
044 |a xo  |c SK 
080 |a 658.1  |x (437.6)  |2 2011 
080 |a 620.91  |x (437.6)  |2 2011 
245 0 0 |a Financovanie podnikania s energetickými zdrojmi prostredníctvom tollingu  |c Adriana Csikósová ... [et al.] 
246 3 1 |a Financing of business with energetic sources through tolling 
300 |b Obr. 
504 |a Bibliogr. odkazy 
546 |a Res. angl. 
650 0 4 |a alternatívne financovanie 
650 0 4 |a tolling 
650 0 4 |a energetické zdroje 
651 4 |a Slovensko 
700 1 |a Csikósová, Adriana  |4 aut 
700 1 |a Čelková, Katarína  |4 aut 
700 1 |a Pašková, Martina  |4 aut 
700 1 |a Ďurková, Marina  |4 aut 
773 0 |t Acta Montanistica Slovaca  |b mimoriadne číslo  |g Roč. 15, č. 2 (2010), s. 126-131  |x 1335-1788 
958 |a NB 
974 |a CER 
992 |a RBX 
BAS
852 |a SVKKK  |b BIB 
856 4 1 |u http://actamont.tuke.sk/pdf/2010/s2/6csikosova.pdf 
EXP
998 |a SLO